00895 a2200193 45000010006000000050017000060080041000230030015000640400040000790800058001192450058001772640032002353000018002675050255002850410008005401000029005487000029005778560095006063009220260407155612.0260407a1994 arg spa dAR-UNSa-BCEJYS aAR-UNSa-BCEJYSbspacAR-UNSa-BCEJYS a657(083)xResoluciones Técnicas Contables. Informes10aEstado de origen y aplicación del capital corriente 1aBuenos Aires :bReisac1994 a85 p.c28 cm. a1. Conceptos básicos - 2. Metodología general - 3. Origenes de fondos - 4. Aplicación de fondos - 5. Gastos e ingresos que no significan aplicación u origen del capital corriente - 6. Metodología y caso resumen - 7. Casos de ejercitación. aspa1 aSenderovich, Pablo David1 aSenderovich, Isaac Aizik41uhttps://biblioeco.unsa.edu.ar/pmb/images/libros/L69760_.jpgyImagen de portadaqimage/jpeg